| 000 | 00643nam a2200217 a 4500 | ||
|---|---|---|---|
| 001 | 64504 | ||
| 003 | BD-RjUL | ||
| 005 | 20211209081321.0 | ||
| 008 | 170215n ii 000 0 eng d | ||
| 035 | _a(BD-RjUL)64634 | ||
| 040 |
_aBD-RjUL _beng _cBD-RjUL _dBD-RjUL |
||
| 041 | _aeng | ||
| 082 |
_a954.0258 _bSAS 1963 _223 |
||
| 100 | 1 | 0 |
_aSarkar, Jadunath, Sir, _9191349 |
| 245 | 1 | 0 |
_aStudies in mughal india / _cJadunath Sarkar |
| 260 |
_aCalcutta : _bM. C. Sarkar & Sons, _c1963 ? |
||
| 300 |
_a313 p. ; _c25 cm. |
||
| 650 |
_aIndia--Mogul Empire _9191350 |
||
| 650 |
_aAurangzeb, Emperor of Hindustan, 1618-1707 _9191351 |
||
| 942 |
_2ddc _cBK |
||
| 999 |
_c64504 _d64504 |
||